Biology of the invertebrates

This book, together with lectures and laboratory sesions, opens the door to the great and growing literature of invertebrate zoology.

Zapisane w:
Opis bibliograficzny
1. autor: Pechenik, Jan A.
Format: Książka
Język:Undetermined
Wydane: New York McGraw-Hill Companies, Inc. 2005
Hasła przedmiotowe:
Etykiety: Dodaj etykietę
Nie ma etykietki, Dołącz pierwszą etykiete!
Thư viện lưu trữ: Trung tâm Học liệu Trường Đại học Cần Thơ
LEADER 00684nam a2200205Ia 4500
001 CTU_138020
008 210402s9999 xx 000 0 und d
020 |c 119.80 
082 |a 592 
082 |b P364 
100 |a Pechenik, Jan A. 
245 0 |a Biology of the invertebrates 
245 0 |c Jan A. Pechenik 
260 |a New York 
260 |b McGraw-Hill Companies, Inc. 
260 |c 2005 
520 |a This book, together with lectures and laboratory sesions, opens the door to the great and growing literature of invertebrate zoology. 
650 |a Invertebrates,Động vật học 
904 |i Hồng Nhung 
980 |a Trung tâm Học liệu Trường Đại học Cần Thơ